Marki aut, po krajach - Statystyki

Ogólne statystyki
  • Ten quiz został rozwiązany 3 458 razy
    497 od ostatniego zresetowania
  • Średni wynik to 29 z 60
Statystyki odpowiedzi
Kraj Marka % Poprawnych
Niemcy BMW
96%
Niemcy Audi
94%
Włochy Fiat
88%
Niemcy Mercedes-Benz
88%
Włochy Ferrari
82%
Czechy Skoda
81%
Niemcy Volkswagen
81%
Włochy Lamborghini
78%
Niemcy Opel
76%
USA Ford
75%
Niemcy Porsche
75%
Japonia Toyota
74%
Francja Renault
69%
Japonia Honda
68%
Hiszpania Seat
67%
Francja Citroen
66%
Francja Peugeot
66%
Szwecja Volvo
66%
Rumunia Dacia
65%
Japonia Nissan
64%
Korea Południowa Hyundai
63%
Korea Południowa Kia
58%
USA Dodge
57%
Francja Bugatti
55%
Japonia Mazda
55%
Włochy Alfa Romeo
52%
USA Chevrolet
52%
Japonia Suzuki
52%
Wielka Brytania Aston Martin
51%
Japonia Mitsubishi
48%
Rosja Łada
47%
Wielka Brytania Bentley
46%
Szwecja Saab
46%
Japonia Subaru
44%
USA Tesla
41%
Wielka Brytania Jaguar
40%
Japonia Lexus
39%
Włochy Maserati
39%
Wielka Brytania Rolls Royce
36%
Wielka Brytania Land Rover
35%
Hiszpania Cupra
32%
Polska FSO
32%
USA Jeep
31%
Szwecja Koenigsegg
30%
Włochy Lancia
29%
USA Cadillac
27%
Włochy Pagani
27%
USA Chrysler
26%
Korea Południowa Daewoo
23%
Niemcy Smart
21%
Japonia Infiniti
20%
Wielka Brytania Lotus
18%
Włochy(Austria) Abarth
17%
Korea Południowa SsangYong
15%
Japonia Isuzu
11%
Wielka Brytania Vauxhall
8%
Rosja GAZ
6%
Chiny BAIC
3%
Japonia Scion
2%
Wielka Brytania Ultima
1%
Nie znaleziono quizów pasujących do podanych kryteriów
Rozkład punktacji
Procent ludzi z każdym wynikiem
Percentyl według liczby udzielonych odpowiedzi
Twoja historia wyników
Nie rozwiązałeś tego quizu od ostatniego zresetowania